Statistiques concernant Culture Générale - Série 1161

Cliquez ici pour prendre le quiz!

Statistiques générales

  • Ce quiz a été pris 61 fois
  • Le résultat moyen est 8 sur 10

Statistiques - réponses

Question Réponse % Correct
Si vous visitez l'Acropole et le Parthénon, quelle ville dominerez-vous ?Athènes
98%
Quel mot de 3 lettres désigne la mamelle d'une vache ?pis
95%
Un polar est un film ou un roman...policier
91%
Sous quel surnom connaît-on l'Américaine du Far West : Martha Jane Cannary-Burke ?Calamity Jane
90%
On m'appelle familièrement "calbute", "calcif" ou "calebar". Que suis-je ?caleçon
90%
Quel porc sauvage tient son nom d'un mot latin qui signifie "solitaire" ?sanglier
86%
En 1980, face à quel futur président de la République, Daniel Balavoine évoque-t-il le désespoir de la jeunesse ?François Mitterrand
78%
De quel pays européen le Jütland forme-t-il la partie continentale ?Danemark
76%
Dans quel pays le fleuve Èbre, long d'environ 925 kilomètres, prend-il sa source ?Espagne
50%
Quel roman d'Albert Camus paru en 1956 raconte la confession d'un homme à un inconnu, rencontré dans un bar douteux d'Amsterdam ?La Chute
10%

Distribution des résultats

Percentile by Number Answered

% des personnes avec chaque résultat

Votre développement - résultats

Vous n’avez pas pris ce quiz